Oxford Dictionaries Top 1000 English Words - 81 (Or 82) Are 8 Letters Long - Statistics

General Stats
  • This quiz has been taken 1,768 times
  • The average score is 29 of 82
Answer Stats
Words % Correct
Anything
66%
Consider
58%
Everyone
58%
Computer
53%
Remember
53%
National
52%
Building
51%
Complete
51%
Although
50%
Continue
49%
Hospital
49%
Together
49%
Whatever
48%
Actually
47%
Business
46%
Official
46%
Discover
45%
Position
45%
Question
45%
Activity
43%
Language
43%
Thousand
43%
Increase
42%
Relation
42%
Maintain
41%
Possible
41%
Election
40%
Movement
40%
Probably
40%
Standard
40%
Exercise
39%
Research
39%
Describe
37%
Personal
37%
Argument
36%
Contract
36%
Military
36%
Employee
35%
Audience
34%
Industry
34%
Positive
34%
Pressure
34%
Resource
34%
Training
34%
Campaign
33%
Decision
33%
Document
33%
Economic
33%
Interest
32%
Practice
32%
Property
32%
Resident
32%
Separate
32%
Surprise
32%
Solution
31%
Analysis
30%
Announce
29%
Physical
29%
Presence
29%
Previous
29%
Struggle
29%
Approach
28%
Indicate
28%
Majority
28%
Response
28%
Facility
27%
Function
27%
Minister
27%
Director
26%
Customer
25%
Material
25%
Original
25%
Sequence
25%
Specific
25%
Estimate
24%
Security
23%
Strategy
22%
Organize
21%
Evidence
20%
Identify
19%
Behavior
18%
Recently
14%
No matching quizzes found
Score Distribution
Percent of People with Each Score
Percentile by Number Answered
Your Score History
You have not taken this quiz